|
|
|
|
| LEADER |
01564nam a2200349 i 4500 |
| 001 |
30770 |
| 003 |
BD-DhAAL |
| 005 |
20211128155302.0 |
| 008 |
151231s2014 cau b 001 0 eng |
| 999 |
|
|
|c 36486
|d 36486
|
| 010 |
|
|
|a 2013008876
|
| 020 |
|
|
|a 9781452242569 (pbk. : alk. paper)
|
| 020 |
|
|
|z 9781483302003 (web pdf)
|
| 040 |
|
|
|a DLC
|b eng
|c DLC
|d DLC
|d DLC
|e rda
|
| 042 |
|
|
|a pcc
|
| 050 |
0 |
0 |
|a H62
|b .Y56 2014
|
| 082 |
0 |
0 |
|a 300.722
|2 23
|
| 100 |
1 |
|
|a Yin, Robert K.
|9 17098
|
| 245 |
1 |
0 |
|a Case study research :
|b design and methods /
|c Robert K. Yin.
|
| 250 |
|
|
|a Fifth edition.
|
| 260 |
|
|
|a Los Angeles :
|b SAGE,
|c c2014.
|
| 300 |
|
|
|a xxviii, 282 pages :
|b illustrations ;
|c 24 cm.
|
| 504 |
|
|
|a Includes bibliographical references (pages 243-257) and index.
|
| 526 |
|
|
|a CED, BBS
|
| 541 |
|
|
|e 30770, 31519, 31520
|
| 650 |
|
0 |
|a Case method.
|9 17099
|
| 650 |
|
0 |
|a Social sciences
|x Research
|x Methodology.
|9 17100
|
| 650 |
|
0 |
|a Business & finance.
|9 43222
|
| 942 |
|
|
|2 ddc
|c BK
|
| 952 |
|
|
|0 0
|1 0
|2 ddc
|4 0
|6 300_722000000000000_YIN
|7 0
|9 57444
|a CED
|b CED
|c GEN
|d 2015-12-31
|e Riza Enterprise
|g 5525.00
|l 0
|o 300.722 YIN
|p 3010030770
|r 2015-12-31
|t 1
|w 2015-12-31
|y BK
|
| 952 |
|
|
|0 0
|1 0
|2 ddc
|4 0
|6 300_722000000000000_YIN
|7 0
|9 59921
|a BRACUL
|b BRACUL
|c GEN
|d 2016-11-29
|e Trim Education
|g 5546.00
|l 5
|m 65
|o 300.722 YIN
|p 3010031520
|r 2026-02-19
|s 2025-10-27
|t 3
|v 5546.00
|w 2016-11-29
|y BK
|
| 952 |
|
|
|0 0
|1 0
|2 ddc
|4 0
|6 300_722000000000000_YIN
|7 0
|9 59922
|a BRACUL
|b BRACUL
|c GEN
|d 2016-11-29
|e Ttim Education
|g 5546.00
|l 8
|m 67
|o 300.722 YIN
|p 3010031519
|r 2023-07-11
|s 2023-03-28
|t 2
|v 5546.00
|w 2016-11-29
|y BK
|